| 000 | 00397nam a2200145Ia 4500 | ||
|---|---|---|---|
| 008 | 230312s9999||||xx |||||||||||||| ||und|| | ||
| 020 | _a0-7295-4135-0 | ||
| 082 |
_a615.82 _bHOF-E |
||
| 100 | _aHoffmann;Tammy | ||
| 245 | 0 | _aEvidence-Based Practice and Across the Health Professions | |
| 260 |
_bElsevier _aLondon _c2013 |
||
| 300 | _a416 | ||
| 650 |
_aPhysiotherapy _vPhysio Therapy |
||
| 942 | _cBK | ||
| 999 |
_c10348 _d10348 |
||